000 00582nam a22001937a 4500
005 20251108175211.0
008 250721s1986 xx 000 0 ara d
082 1 4 _a813.09/غال
100 1 _aغالي، إلهام
245 1 0 _aغادة السمان الحب والحرب /
264 1 _aبيروت _ لبنان :
_bدار الطليعة للطباعة والنشر،
_c1986.
300 _a110ص.
650 1 7 _aالنقد الادبي
650 1 7 _aالروايات العربية
650 1 7 _aالحرب
650 1 7 _aالحب
942 _2ddc
_cBK
999 _c128534
_d128534